000 00441nam a2200181Ia 4500
001 13440
005 20260306164801.0
008 260306t2013||||xx |||||||||||||| ||spa||
041 _aESP
082 _a004.16
_bT72
100 _aTorrente Artero, Óscar
_eAUT
245 0 _aArduino:
_bcurso práctico de formación
260 _c2013
300 _a569 páginas :
_c23 cm.
650 _aGEN
654 _aCCC
942 _cLIB
_dJUS
_fJUS
_2ddc
_n
999 _c13440
_d13440